<?xml version="1.0" encoding="UTF-8"?>
<record
    xmlns:xsi="http://www.w3.org/2001/XMLSchema-instance"
    xsi:schemaLocation="http://www.loc.gov/MARC21/slim http://www.loc.gov/standards/marcxml/schema/MARC21slim.xsd"
    xmlns="http://www.loc.gov/MARC21/slim">

  <leader>02501nam0a22004331  4500</leader>
  <controlfield tag="001">RU\NLR\A1DV\30040</controlfield>
  <controlfield tag="005">20260408063611.0</controlfield>
  <datafield tag="035" ind1=" " ind2=" ">
    <subfield code="a">(NLR Aleph) 010777156</subfield>
  </datafield>
  <datafield tag="090" ind1=" " ind2=" ">
    <subfield code="a">10049110</subfield>
    <subfield code="c">10049110</subfield>
  </datafield>
  <datafield tag="100" ind1=" " ind2=" ">
    <subfield code="a">20010731d1804    m  y0rusy50      ca</subfield>
  </datafield>
  <datafield tag="101" ind1="0" ind2=" ">
    <subfield code="a">rus</subfield>
  </datafield>
  <datafield tag="102" ind1=" " ind2=" ">
    <subfield code="a">RU</subfield>
  </datafield>
  <datafield tag="140" ind1=" " ind2=" ">
    <subfield code="a">y   y            cayaa0000  </subfield>
  </datafield>
  <datafield tag="200" ind1="1" ind2=" ">
    <subfield code="a">&#x41B;&#x438;&#x437;&#x430;, &#x438;&#x43B;&#x438; &#x421;&#x43B;&#x435;&#x434;&#x441;&#x442;&#x432;&#x438;&#x44F; &#x433;&#x43E;&#x440;&#x434;&#x43E;&#x441;&#x442;&#x438; &#x438; &#x43E;&#x431;&#x43E;&#x43B;&#x44C;&#x449;&#x435;&#x43D;&#x438;&#x44F;,</subfield>
    <subfield code="e">&#x434;&#x440;&#x430;&#x43C;&#x430; &#x432; &#x43F;&#x44F;&#x442;&#x438; &#x434;&#x435;&#x439;&#x441;&#x442;&#x432;&#x438;&#x44F;&#x445;,</subfield>
    <subfield code="f">&#x441;&#x43E;&#x447;&#x438;&#x43D;&#x435;&#x43D;&#x438;&#x44F; &#x412;.&#x424;&#x435;&#x434;&#x43E;&#x440;&#x43E;&#x432;&#x430;,</subfield>
    <subfield code="g">&#x437;&#x430;&#x438;&#x43C;&#x441;&#x442;&#x432;&#x43E;&#x432;&#x430;&#x43D;&#x43D;&#x430;&#x44F; &#x438;&#x437; &#x411;&#x435;&#x434;&#x43D;&#x43E;&#x439; &#x41B;&#x438;&#x437;&#x44B; &#x433;&#x43D;&#x430; &#x41A;&#x430;&#x440;&#x430;&#x43C;&#x437;&#x438;&#x43D;&#x430;.</subfield>
    <subfield code="g">&#x41F;&#x440;&#x435;&#x434;&#x441;&#x442;&#x430;&#x432;&#x43B;&#x435;&#x43D;&#x430; &#x432; &#x43F;&#x435;&#x440;&#x432;&#x44B;&#x439; &#x440;&#x430;&#x437; &#x43D;&#x430; &#x41F;&#x435;&#x442;&#x435;&#x440;&#x431;&#x443;&#x440;&#x433;&#x441;&#x43A;&#x43E;&#x43C; &#x41F;&#x440;&#x438;&#x434;&#x432;&#x43E;&#x440;&#x43D;&#x43E;&#x43C; &#x442;&#x435;&#x430;&#x442;&#x440;&#x435; 2 &#x434;&#x435;&#x43A;&#x430;&#x431;&#x440;&#x44F; 1803 &#x433;&#x43E;&#x434;&#x430;</subfield>
  </datafield>
  <datafield tag="210" ind1=" " ind2=" ">
    <subfield code="a">&#x41C;&#x43E;&#x441;&#x43A;&#x432;&#x430;</subfield>
    <subfield code="c">&#x432; &#x442;&#x438;&#x43F;&#x43E;&#x433;&#x440;&#x430;&#x444;&#x438;&#x438; &#x421;.&#x421;&#x435;&#x43B;&#x438;&#x432;&#x430;&#x43D;&#x43E;&#x432;&#x441;&#x43A;&#x430;&#x433;&#x43E;</subfield>
    <subfield code="d">1804</subfield>
  </datafield>
  <datafield tag="215" ind1=" " ind2=" ">
    <subfield code="a">[8], 76 &#x441;.</subfield>
    <subfield code="d">8&#xB0;</subfield>
  </datafield>
  <datafield tag="300" ind1=" " ind2=" ">
    <subfield code="a">&#x426;&#x435;&#x43D;&#x437;.: &#x41C;&#x43E;&#x441;&#x43A;. &#x443;&#x43D;-&#x442;&#x430; &#x446;&#x435;&#x43D;&#x437;. &#x43A;&#x43E;&#x43C;.</subfield>
  </datafield>
  <datafield tag="300" ind1=" " ind2=" ">
    <subfield code="a">&#x426;&#x435;&#x43D;&#x430;: 1 &#x440;&#x443;&#x431;&#x43B;&#x44C; &#x432; &#x431;&#x443;&#x43C;&#x430;&#x436;&#x43A;&#x435;</subfield>
  </datafield>
  <datafield tag="300" ind1=" " ind2=" ">
    <subfield code="a">&#x41D;&#x430; &#x441;.[3-5] &#x43F;&#x43E;&#x441;&#x432;&#x44F;&#x449;. &#x430;&#x432;&#x442;. &#x438;&#x43C;&#x43F;. &#x415;&#x43B;&#x438;&#x437;&#x430;&#x432;&#x435;&#x442;&#x435; &#x410;&#x43B;&#x435;&#x43A;&#x441;&#x435;&#x435;&#x432;&#x43D;&#x435;</subfield>
  </datafield>
  <datafield tag="316" ind1=" " ind2=" ">
    <subfield code="a">&#x42D;&#x43A;&#x437;. &#x420;&#x41D;&#x411; (18.168.2.22) &#x432; &#x438;&#x437;&#x434;. &#x43E;&#x431;&#x43B;.</subfield>
    <subfield code="5">NLR: 18.168.2.22</subfield>
  </datafield>
  <datafield tag="317" ind1=" " ind2=" ">
    <subfield code="a">&#x42D;&#x43A;&#x437;. &#x420;&#x41D;&#x411; (18.168.2.22) &#x438;&#x437; &#x431;-&#x43A;&#x438; &#x41C;.&#x415;.&#x41B;&#x43E;&#x431;&#x430;&#x43D;&#x43E;&#x432;&#x430;</subfield>
    <subfield code="5">NLR: 18.168.2.22</subfield>
  </datafield>
  <datafield tag="321" ind1="1" ind2=" ">
    <subfield code="a">&#x41F;&#x43B;&#x430;&#x432;. 5451</subfield>
  </datafield>
  <datafield tag="321" ind1="1" ind2=" ">
    <subfield code="a">&#x421;&#x43C;&#x438;&#x440;&#x434;. 7523</subfield>
  </datafield>
  <datafield tag="321" ind1="1" ind2=" ">
    <subfield code="a">&#x421;&#x43E;&#x43F;. 3385</subfield>
  </datafield>
  <datafield tag="517" ind1="1" ind2=" ">
    <subfield code="a">&#x421;&#x43B;&#x435;&#x434;&#x441;&#x442;&#x432;&#x438;&#x44F; &#x433;&#x43E;&#x440;&#x434;&#x43E;&#x441;&#x442;&#x438; &#x438; &#x43E;&#x431;&#x43E;&#x43B;&#x44C;&#x449;&#x435;&#x43D;&#x438;&#x44F;</subfield>
  </datafield>
  <datafield tag="620" ind1=" " ind2=" ">
    <subfield code="d">&#x41C;&#x43E;&#x441;&#x43A;&#x432;&#x430;</subfield>
  </datafield>
  <datafield tag="700" ind1=" " ind2="1">
    <subfield code="4">070</subfield>
    <subfield code="8">rus</subfield>
    <subfield code="7">ca</subfield>
    <subfield code="a">&#x424;&#x435;&#x434;&#x43E;&#x440;&#x43E;&#x432;</subfield>
    <subfield code="b">&#x412;. &#x41C;.</subfield>
    <subfield code="c">&#x43F;&#x43E;&#x44D;&#x442;, &#x434;&#x440;&#x430;&#x43C;&#x430;&#x442;&#x443;&#x440;&#x433;</subfield>
    <subfield code="g">&#x412;&#x430;&#x441;&#x438;&#x43B;&#x438;&#x439; &#x41C;&#x438;&#x445;&#x430;&#x439;&#x43B;&#x43E;&#x432;&#x438;&#x447;</subfield>
    <subfield code="3">RU\NLR\AUTH\7785480</subfield>
    <subfield code="9">68408</subfield>
  </datafield>
  <datafield tag="702" ind1=" " ind2="1">
    <subfield code="4">100</subfield>
    <subfield code="8">rus</subfield>
    <subfield code="7">ca</subfield>
    <subfield code="a">&#x41A;&#x430;&#x440;&#x430;&#x43C;&#x437;&#x438;&#x43D;</subfield>
    <subfield code="b">&#x41D;. &#x41C;.</subfield>
    <subfield code="f">1766-1826</subfield>
    <subfield code="g">&#x41D;&#x438;&#x43A;&#x43E;&#x43B;&#x430;&#x439; &#x41C;&#x438;&#x445;&#x430;&#x439;&#x43B;&#x43E;&#x432;&#x438;&#x447;</subfield>
    <subfield code="3">RU\NLR\auth\773443</subfield>
    <subfield code="9">113439</subfield>
  </datafield>
  <datafield tag="702" ind1=" " ind2="0">
    <subfield code="4">280</subfield>
    <subfield code="8">rus</subfield>
    <subfield code="7">ca</subfield>
    <subfield code="a">&#x415;&#x43B;&#x438;&#x437;&#x430;&#x432;&#x435;&#x442;&#x430; &#x410;&#x43B;&#x435;&#x43A;&#x441;&#x435;&#x435;&#x432;&#x43D;&#x430;</subfield>
    <subfield code="c">&#x438;&#x43C;&#x43F;&#x435;&#x440;&#x430;&#x442;&#x440;&#x438;&#x446;&#x430; &#x440;&#x43E;&#x441;&#x441;&#x438;&#x439;&#x441;&#x43A;&#x430;&#x44F;</subfield>
    <subfield code="f">1779-1826</subfield>
    <subfield code="3">RU\NLR\AUTH\7712136</subfield>
    <subfield code="9">121867</subfield>
  </datafield>
  <datafield tag="702" ind1=" " ind2="1">
    <subfield code="4">390</subfield>
    <subfield code="8">rus</subfield>
    <subfield code="7">ca</subfield>
    <subfield code="a">&#x41B;&#x43E;&#x431;&#x430;&#x43D;&#x43E;&#x432;</subfield>
    <subfield code="b">&#x41C;. &#x415;.</subfield>
    <subfield code="c">&#x43F;&#x435;&#x440;&#x435;&#x432;&#x43E;&#x434;&#x447;&#x438;&#x43A;, &#x43F;&#x43E;&#x44D;&#x442;</subfield>
    <subfield code="f">1787-1846</subfield>
    <subfield code="g">&#x41C;&#x438;&#x445;&#x430;&#x438;&#x43B; &#x415;&#x432;&#x441;&#x442;&#x430;&#x444;&#x44C;&#x435;&#x432;&#x438;&#x447;</subfield>
    <subfield code="3">RU\NLR\AUTH\7794504</subfield>
    <subfield code="9">77430</subfield>
  </datafield>
  <datafield tag="702" ind1=" " ind2="1">
    <subfield code="4">610</subfield>
    <subfield code="7">ca</subfield>
    <subfield code="8">rus</subfield>
    <subfield code="a">&#x421;&#x435;&#x43B;&#x438;&#x432;&#x430;&#x43D;&#x43E;&#x432;&#x441;&#x43A;&#x438;&#x439;</subfield>
    <subfield code="b">&#x421;.&#x418;.</subfield>
    <subfield code="f">1772-1835</subfield>
    <subfield code="g">&#x421;&#x435;&#x43C;&#x435;&#x43D; &#x418;&#x43E;&#x430;&#x43D;&#x43D;&#x438;&#x43A;&#x438;&#x435;&#x432;&#x438;&#x447;</subfield>
    <subfield code="9">236104</subfield>
    <subfield code="3">RU\NLR\AUTH\770236160</subfield>
  </datafield>
  <datafield tag="712" ind1="0" ind2="0">
    <subfield code="4">610</subfield>
    <subfield code="a">&#x421;&#x435;&#x43B;&#x438;&#x432;&#x430;&#x43D;&#x43E;&#x432;&#x441;&#x43A;&#x438;&#x439;,</subfield>
    <subfield code="g">&#x421;.,</subfield>
    <subfield code="h">&#x442;&#x438;&#x43F;&#x43E;&#x433;&#x440;&#x430;&#x444;&#x438;&#x44F; &#x438; &#x441;&#x43B;&#x43E;&#x432;&#x43E;&#x43B;&#x438;&#x442;&#x43D;&#x44F;</subfield>
    <subfield code="c">&#x41C;&#x43E;&#x441;&#x43A;&#x432;&#x430;</subfield>
    <subfield code="3">RU\NLR\AUTH\8810035689</subfield>
    <subfield code="9">569800</subfield>
  </datafield>
  <datafield tag="801" ind1=" " ind2="0">
    <subfield code="a">RU</subfield>
    <subfield code="b">NLR</subfield>
    <subfield code="c">20010731</subfield>
  </datafield>
  <datafield tag="852" ind1=" " ind2=" ">
    <subfield code="a">NLR</subfield>
    <subfield code="j">18.168.2.22</subfield>
  </datafield>
  <datafield tag="852" ind1=" " ind2=" ">
    <subfield code="a">NLR</subfield>
    <subfield code="j">138/1873</subfield>
  </datafield>
  <datafield tag="942" ind1=" " ind2=" ">
    <subfield code="c">BOOK</subfield>
  </datafield>
  <datafield tag="980" ind1=" " ind2=" ">
    <subfield code="a">NB</subfield>
  </datafield>
  <datafield tag="980" ind1=" " ind2=" ">
    <subfield code="a">A1DV</subfield>
  </datafield>
  <datafield tag="995" ind1=" " ind2=" ">
    <subfield code="5">2016-05-13</subfield>
    <subfield code="b">NLR02</subfield>
    <subfield code="c">NLR02</subfield>
    <subfield code="e">RFS</subfield>
    <subfield code="f">10777156-10</subfield>
    <subfield code="k">18.168.2.22</subfield>
    <subfield code="o">0</subfield>
    <subfield code="r">BOOK</subfield>
    <subfield code="s">18168222_</subfield>
  </datafield>
</record>
